Clive Owen Movies Quiz Stats

 Plays Quiz Updated Jan 1, 2021

     
Support Sporcle.
Go Orange.
Score 0/38 Timer 08:00
0 Plays Today
Year Movie % Correct
2006Children of Men
62.9%
2007Shoot 'Em Up
49.2%
2004King Arthur
49.1%
2004Closer
48.3%
2006Inside Man
42.1%
2005Sin City
41.8%
2002The Bourne Identity
35.1%
2007Elizabeth: The Golden Age
34.7%
2009The International
31.6%
2009Duplicity
27.1%
2019Gemini Man
26.6%
2005Derailed
25.7%
2017Valerian and the City of a Thousand Planets
23.6%
2018Anon
18.3%
2015Last Knights
17.6%
2019The Informer
17.5%
1998Croupier
17.2%
2020Romantic Guide to Lost Places
17.1%
2018Ophelia
16.2%
Year Movie % Correct
2016The Confirmation
14.8%
2013Blood Ties
14.7%
2011Intruders
14.3%
2013Words and Pictures
13.4%
2019The Song of Names
13.3%
2001Gosford Park
13.1%
2012Shadow Dancer
12.7%
2003I'll Sleep When I'm Dead
8.9%
2003Beyond Borders
7.6%
2009The Boys Are Back
7.1%
2000Greenfingers
6.3%
1997Bent
5.9%
1991Close My Eyes
4.4%
1996The Rich Man's Wife
4.2%
1988Vroom
3.9%
2011Killer Elite
3.6%
1993Century
3.4%
1995The Turnaround
3.1%
2010Trust
2.8%

From the Vault

TV Antihero Match

by serf_in_USA

Heroes are so last week. Bring on the antiheroes.
Remove Ads.
Support Sporcle.
Get the best of Sporcle when you Go Orange. This ad-free experience offers more features, more stats, and more fun while also helping to support Sporcle. Thank you for becoming a member.

Show Comments

Extras

Top Quizzes Today


Score Distribution

Your Account Isn't Verified!

In order to create a playlist on Sporcle, you need to verify the email address you used during registration. Go to your Sporcle Settings to finish the process.

Report this User

Report this user for behavior that violates our Community Guidelines.

Details: